Sports Quiz

Random Sports or Football Quiz

Wisla Krakow Foreigners Quiz Stats

Quiz not verified by Sporcle

Challenge
Share
Tweet
Embed
Score 0/50 Timer 20:00
0 Plays Today
Nationality, Position Footballer % Correct
ISR, MFMaor Melikson
92.2%
NED, DFKew Jaliens
89.3%
BGR, FWTsvetan Genkov
88.4%
NGR, MFKalu Uche
88.1%
EST, GKSiarhiej Pareiko
87.5%
ARG, MFMauro Cantoro
86.3%
HND, DFOsman Chavez
81.8%
CZE, MFTomas Jirsak
79.7%
BRA, DFMarcelo
78.5%
FRA, GKAngelo Hugues
78.5%
ROM, GKEmilian Dolha
76.7%
SLO, MFAndraz Kirm
74.6%
CRC, DFJunior Diaz
74.6%
SVK, DFErik Cikos
73.7%
BRA, DFCleber
73.7%
NED, DFMichael Lamey
73.1%
BLR, MFMikhail Sivakov
67.5%
BIH, DFGordan Bunoza
66.9%
SRB, STStanko Svitlica
66.3%
SRB, GKMilan Jovanic
65.7%
AUS, MFJacob Burns
65.7%
AUS, DFMichael Thwaite
65.1%
GER, DFDragan Paljic
64.5%
MDA, GKIlie Cebanu
64.5%
URU, DFPablo Alvarez
60.6%
Nationality, Position Footballer % Correct
BRA, MFBrasilia
59.7%
BRA, FWJean Paulista
59.4%
MAR, MFNourdin Boukhari
59.1%
SRB, FWIvica Iliev
58.2%
SRB, DFNikola Mijailovic
58.2%
SRB, STBranko Radovanovic
57.6%
SEN, DFIssa Ba
56.4%
NGR, FWDudu Omagbemi
56.4%
ROM, MFHristu Chiacu
56.4%
ARG, FWAndy Rios
55.8%
SVK, STMarek Penksa
55.5%
ROM, MFNorbert Varga
54.6%
NGR, MFMartins Ekwueme
54.3%
SVK, DFPeter Singlar
51.3%
BRA, FWBeto
50.7%
CMR, DFSerge Branco
50.4%
NGR, MFIbrahim Sunday
48.7%
SVK, GKIvan Trabalik
47.5%
TOG, MFLantame Ouadja
47.2%
CZE, DFVlastimil Vidlicka
45.1%
NGR, STKelechi Iheanacho
44.8%
BGR, FWGeorgi Hristov
41.2%
NGR, STTemple Omeonu
40.6%
BRA, MFEdno
37%
BRA, MFAndre Barreto
29%

You're not logged in!

Compare scores with friends on all Sporcle quizzes.
Sign Up with Email
OR
Log In

You Might Also Like...

Show Comments

Extras

Top Quizzes Today


Score Distribution

Your Account Isn't Verified!

In order to create a playlist on Sporcle, you need to verify the email address you used during registration. Go to your Sporcle Settings to finish the process.

Report this User

Report this user for behavior that violates our Community Guidelines.

Details: